000 02741cam a22004934a 4500
001 muse87117
003 MdBmJHUP
005 20210127151748.0
006 m o d
007 cr||||||||nn|n
008 200721r20202013nyu o 00 0 spa d
020 _a9780615766010
035 _a(OCoLC)1176454898
040 _aMdBmJHUP
_cMdBmJHUP
041 1 _aspa
_heng
050 4 _aPN1995
_b.M37818 2013
100 1 _aMartin, Adrian,
_d1959-
_eauthor.
240 1 0 _aLast day every day.
_lSpanish
245 1 0 _aÚltimo día cada día: Y otro escrito sobre cine y filosofía
_cAdrian Martin ; traducción de Cristina Álvarez López.
264 1 _bProject Muse,
264 3 _bProject MUSE,
300 _a1 online resource (52 pages) :
_billustrations
500 _aTranslation of: Last day every day : figural thinking from Auerbach and Kracauer to Agamben and Brenez.
500 _aIssued as part of book collections on Project MUSE.
504 _aIncludes bibliographical references (pages [49]-52).
505 0 _aÚltimo día cada día : pensamiento figural de Auerbach y Kracauer a Agamben y Brenez -- Avatares del encuentro
506 0 _aOpen Access
_fUnrestricted online access
_2star
520 _aDónde se encuentra el análisis cinematográfico hoy? Que está haciendo, en la oscuridad, la teoría del cine? Este campo, tal y como ha sido definido profesionalmente (por lo menos en el mundo academico anglo-americano), está dividido actualmente entre los historiadores interesados en el contexto social que examinan las grandes formaciones de la modernidad, y los expertos en el estilo que reclaman la vuelta de cosas pasadas de moda como la visión autoral, el tono, y la puesta en escena. Pero hay tambien otras corrientes, vitales e inventivas, de las que apenas estamos oyendo nada en ninguno de los canales oficiales. Último día cada día, que para esta edición ha sido extendido con el ensayo "Avatares del encuentro", hace brillar una luz sobre una de estas nuevas y excitantes vías.
588 _aDescription based on print version record.
650 0 _aMotion pictures
_xPhilosophy.
650 0 _aFilm criticism.
655 0 _aElectronic books.
655 7 _aElectronic books.
_2local
700 1 _aLópez, Cristina Álvarez,
_etranslator.
710 2 _aProject Muse,
_edistributor.
776 1 8 _iPrint version:
_z9780615766010
710 2 _aProject Muse.
_edistributor
830 0 _aBook collections on Project MUSE.
856 4 0 _zFull text available:
_uhttps://muse.jhu.edu/book/76435/
999 _c26932
_d26932